| 000 | 00612nam a2200217Ia 4500 | ||
|---|---|---|---|
| 003 | OSt | ||
| 005 | 20221005081434.0 | ||
| 006 | a|||||r|||| 00| 0 | ||
| 007 | ta | ||
| 008 | 221004b |||||||| |||| 00| 0 eng d | ||
| 024 | _a115510 | ||
| 037 | _cTextual | ||
| 040 |
_aCRL _cCRL _beng |
||
| 041 |
_2eng _aeng |
||
| 100 |
_aDash Profulla chandra _9611091 |
||
| 245 | 0 | _aComparitive study of the paninsyan and canada systems of grammor | |
| 260 |
_aNew Delhi _bRamananda Vidhya Bhawan India _c1986 |
||
| 650 |
_aGENERAL _9592526 |
||
| 942 |
_cTEXL _2cc |
||
| 999 |
_c987720 _d987720 |
||